000 00621nam a2200193 a 4500
005 20191224041708.0
008 160219b xxu||||| |||| 00| 0 spa d
040 _aCO-BoIAVH
_cCO-BoIAVH
041 _aeng
082 0 4 _a551.46
_bG56w
110 1 _bGlobal Environment Facility
245 1 _aWork program proposed for council approval
_bpart IV: international waters, Ozone, and multi-focal (Project proposals C13 to E18)
260 _as.l.
_bGEF
_c1998
300 _a95 paginas.
_c27 x 21cm
650 4 _aAguas internacionales
650 4 _aOceanos
942 _cLIBRO
_2ddc
945 _d2004-01-26
999 _c3582
_d3582